| 000 | 00616nam a2200193 i 4500 | ||
|---|---|---|---|
| 001 | 33902 | ||
| 003 | ES-MaACL | ||
| 007 | t| | ||
| 008 | 030203s1969 sp ||||1| spa d | ||
| 100 | 1 |
_aBlakeley, Thomas J. _929101 |
|
| 245 | 1 | 3 |
_aLa escolástica soviética / _cThomas J. Blakeley ; [traductor: C. Montaner]. |
| 260 |
_aMadrid : _bAlianza, _c1969. |
||
| 300 |
_a234 p. ; _c18 cm. |
||
| 490 | 1 | _aEl libro de bolsillo. Sección humanidades | |
| 700 | 1 |
_aMontaner, C. _982369 |
|
| 830 | 0 | 3 |
_aEl libro de bolsillo. _pHumanidades _9178672 |
| 852 |
_aES-MaACL _jE-7806 _bR.91666 |
||
| 999 |
_c33902 _d33902 |
||